000
00307nam a22001337a 4500
999
_c
5716
_d
5714
005
20211201113912.0
008
180628b xxu||||| |||| 00| 0 eng d
041
_a
eng
100
_a
PINDYEK, ROBERTS
_9
4424
245
_a
MICROECONOMICS
260
_a
NEW DELHI
_b
PEARSON
_c
2009
300
_a
674p,
942
_c
BK